00558nam a22001817a 450000500170000001000150001702000110003203500140004303700130005708200080007010000150007824500680009326000280016127001260018930000240031570000190033970000180035820200211123027.0 aENG-127682 c100.00 aEN-111214 bDBAD/PUB a500 aN.Arumugam aScience 10 /bby N.Arumugam, M.G Ragunathan [and] T.Selva Mohan aTamil NadubSarasc2017 bTamil Nadua114/35G,A.R.P. Camp Road, Periavilai, Kottar P.O., Nagercoil, Kanyakumari e629002minfo@saraspublication.com axi;508p.b23cm(pbk) aM.G.Ragunathan aT.Selva Mohan